La vie de Mohammed, prophète d'Allah / (Record no. 32722)
[ view plain ]
| 000 -LEADER | |
|---|---|
| fixed length control field | 01105nam a22002652a 4500 |
| 001 - CONTROL NUMBER | |
| control field | 32722 |
| 003 - CONTROL NUMBER IDENTIFIER | |
| rucl marc code | BD-RjUL |
| 005 - DATE AND TIME OF LATEST TRANSACTION | |
| control field | 20211209051902.0 |
| 008 - FIXED-LENGTH DATA ELEMENTS--GENERAL INFORMATION | |
| fixed length control field | 500101s1947 fr bf 000 0 fre d |
| 035 ## - SYSTEM CONTROL NUMBER | |
| System control number | (BD-RjUL)32812 |
| 040 ## - CATALOGING SOURCE | |
| Original cataloging agency | RCE |
| Transcribing agency | RCE |
| Modifying agency | EQO |
| -- | BD-RjUL |
| Language of cataloging | eng |
| 041 ## - LANGUAGE CODE | |
| Language code of text/sound track or separate title | eng |
| 082 ## - DEWEY DECIMAL CLASSIFICATION NUMBER | |
| Classification number | 297.63 |
| Author mark and year | DIE 1947 |
| 090 ## - LOCALLY ASSIGNED LC-TYPE CALL NUMBER (OCLC); LOCAL CALL NUMBER (OCLC) | |
| Classification number (OCLC) (R) ; Classification number, CALL (RLIN) (NR) | BP75 |
| Local cutter number (OCLC) ; Book number/undivided call number, CALL (RLIN) | .D52 1947 |
| 100 1# - MAIN ENTRY--PERSONAL NAME | |
| Personal name | Dinet, Etienne, |
| Dates associated with a name | 1861-1929. |
| 9 (RLIN) | 99528 |
| 245 13 - TITLE STATEMENT | |
| Title | La vie de Mohammed, prophète d'Allah / |
| Statement of responsibility, etc. | E. Dinet |
| 260 ## - PUBLICATION, DISTRIBUTION, ETC. (IMPRINT) | |
| Place of publication, distribution, etc. | Paris : |
| Name of publisher, distributor, etc. | G. P. Maisonneuve, |
| Date of publication, distribution, etc. | 1947. |
| 300 ## - PHYSICAL DESCRIPTION | |
| Pagination | 305 p. : |
| Illustrations | ill. ; |
| Size | 23 cm |
| 500 ## - GENERAL NOTE | |
| General note | "4e édition." |
| General note | At head of title: E. Dinet et el hadj Sliman ben Ibrahim |
| General note | "Nous en avons emprunté les éléments aux auteurs les plus anciens, tels que Ibn Hicham, Ibn Saâd, etc., et à un historien plus moderne, Ali Borhan'ed Dine el Halabi, qui, dans son livre, connu sous le nom de 'Es sirat'el Halabia', a réuni les différentes versions de tous les historiens les plus réputés."--Préf |
| 600 00 - SUBJECT ADDED ENTRY--PERSONAL NAME | |
| Personal name | Muḥammad, |
| Titles and other words associated with a name | Prophet, |
| Dates associated with a name | -632. |
| 700 1# - ADDED ENTRY--PERSONAL NAME | |
| Personal name | Ben Ibrahim, Sliman. |
| 942 ## - ADDED ENTRY ELEMENTS (KOHA) | |
| Source of classification or shelving scheme | Dewey Decimal Classification |
| Koha item type | Books |
| Lost status | Source of classification or shelving scheme | Damaged status | Not for loan | Collection code | Permanent Location | Current Location | Shelving location | Date acquired | Source of acquisition | Cost, normal purchase price | Total Checkouts | Full call number | Date last seen | Copy number | Koha item type |
|---|---|---|---|---|---|---|---|---|---|---|---|---|---|---|---|
| Dewey Decimal Classification | Not For Loan | Non-fiction | Central Library, University of Rajshahi | Central Library, University of Rajshahi | Reading Room | 21/04/1963 | zeithinger | 0.00 | 297.63 DIE 1947 | 28/04/2014 | C-1 | Books |